000 02044nam a2200421 c 4500
001 53290
003 ES-MaCES
005 20250203133055.0
008 240730s2023 sp l o000 | spa d
017 _aM 3082-2002
_bDL
020 _a978844761170-6
024 7 _a137-23-026-4
_2nipo MINHAFP
024 7 _a094-23-016-2
_2nipo MINECO
040 _aES-MaCES
_bspa
_cES-MaCES
110 1 _aEspaña
_tLey del Impuesto sobre transmisiones patrimoniales y actos jurídicos documentados
_pTexto refundido, 1993
_92965
245 1 0 _aImpuesto sobre transmisiones patrimoniales y actos jurídicos documentados
_b: (act. marzo 2023)
250 _a4ª ed
260 _a[Madrid]
_bMinisterio de Hacienda y Función Pública
_bMinisterio de Asuntos Económicos y Transformación Digital
_c2023
300 _a139 p.
_c17 cm
490 1 _aTextos legales / separata del Boletín Oficial de los Ministerios de Hacienda y Función Pública y de Asuntos Económicos y Transformación Digital
_v4-2023
500 _aÍndices
500 _aAnteriormente, v.a.: Textos legales / separata del Boletín Oficial de los Ministerios de Hacienda y Función Pública y de Economía, Industria y Competitividad
541 _cGratuito
650 4 _aimpuesto sobre transmisiones patrimoniales
_931306
650 4 _alegislación económica
_927161
650 4 _areglamento
_927154
650 4 _aEspaña
_926964
650 4 _aComunidades Autónomas
_930768
650 4 _aEspaña
_926964
650 4 _atexto
_929624
653 1 0 _aLegislación
710 1 _aEspaña
_bMinisterio de Hacienda y Función Pública
_eed.
_938369
710 1 _939704
_aEspaña
_bMinisterio de Asuntos Ecónomicos y Transformación Digital
_eed.
787 0 _tImpuesto sobre transmisiones patrimoniales y actos jurídicos documentados
_w(ES-MaCES)50644
830 0 _aTextos legales / separata del Boletín Oficial de los Ministerios de Hacienda y Función Pública y de Asuntos Económicos y Transformación Digital
_v4-2023
_940158
902 _aLIB Libro
942 _2CES
_cBK
_h6.1.
999 _c53290
_d53290